Tous les champions du monde de Formule 1 - Statistiques

Statistiques générales
  • Ce quiz a été pris 318 fois
    16 depuis la dernière actualisation
  • Le résultat moyen est 46 sur 76
Statistiques - réponses
Année Pilote % Correct
2025 Lando Norris
100%
2024 Max Verstappen
100%
2020 Lewis Hamilton
92%
2019 Lewis Hamilton
92%
2018 Lewis Hamilton
92%
2017 Lewis Hamilton
92%
2023 Max Verstappen
92%
2022 Max Verstappen
92%
2021 Max Verstappen
92%
2015 Lewis Hamilton
83%
2014 Lewis Hamilton
83%
2004 Micheal Schumacher
83%
2003 Micheal Schumacher
83%
2002 Micheal Schumacher
83%
2001 Micheal Schumacher
83%
2000 Micheal Schumacher
83%
1995 Micheal Schumacher
83%
1994 Micheal Schumacher
83%
2016 Nico Rosberg
83%
2013 Seb Vettel
83%
2012 Seb Vettel
83%
2011 Seb Vettel
83%
2010 Seb Vettel
83%
2006 Fernando Alonso
75%
2005 Fernando Alonso
75%
2008 Lewis Hamilton
75%
1993 Alain Prost
67%
1989 Alain Prost
67%
1991 Ayrton Senna
67%
1990 Ayrton Senna
67%
1988 Ayrton Senna
67%
2009 Jenson Button
67%
2007 Kimi Raikkonen
67%
1999 Mika Hakkinen
67%
1998 Mika Hakkinen
67%
1986 Alain Prost
58%
1985 Alain Prost
58%
1957 Juan Manuel Fangio
58%
1956 Juan Manuel Fangio
58%
1982 Keke Rosberg
58%
1992 Nigel Mansell
58%
1984 Niki Lauda
58%
1997 Jacques Villeneuve
50%
1976 James Hunt
50%
1955 Juan Manuel Fangio
50%
1954 Juan Manuel Fangio
50%
1951 Juan Manuel Fangio
50%
1987 Nelson Piquet
50%
1983 Nelson Piquet
50%
1981 Nelson Piquet
50%
1977 Niki Lauda
50%
1980 Alan Jones
42%
1996 Damon Hill
42%
1979 Jody Schekter
42%
1978 Mario Andretti
42%
1975 Niki Lauda
42%
1953 Alberto Ascari
33%
1952 Alberto Ascari
33%
1967 Denny Hulme
33%
1974 Emerson Fittipaldi
33%
1972 Emerson Fittipaldi
33%
1968 Graham Hill
33%
1962 Graham Hill
33%
1950 Guiseppe Farina
33%
1960 Jack Brabham
33%
1959 Jack Brabham
33%
1973 Jackie Stewart
33%
1971 Jackie Stewart
33%
1969 Jackie Stewart
33%
1965 Jim Clark
33%
1963 Jim Clark
33%
1970 Jochen Rindt
33%
1964 John Surtees
33%
1958 Mike Hawthorn
33%
1961 Phill Hill
33%
1966 Jack Brabham
25%
Aucun quiz correspondant
Distribution des résultats
% des personnes avec chaque résultat
Percentile par nombre de réponses
Votre historique - résultats
Vous n’avez pas pris ce quiz depuis la dernière actualisation